gypsy guess the song - Statistics

General Stats
  • This quiz has been taken 7 times
  • The average score is 175 of 319
Answer Stats
Answer % Correct
a
100%
be
83%
go
83%
gypsy
83%
i
83%
is
83%
it
83%
me
83%
all
67%
do
67%
dream
67%
for
67%
get
67%
gonna
67%
had
67%
have
67%
lee
67%
my
67%
not
67%
rose
67%
she
67%
then
67%
this
67%
to
67%
turn
67%
up
67%
what
67%
when
67%
where
67%
would
67%
you
67%
ain't
50%
and
50%
around
50%
away
50%
boys
50%
can't
50%
coming
50%
curtain
50%
did
50%
don't
50%
dreamed
50%
either
50%
everybody
50%
everything's
50%
got
50%
gotta
50%
hats
50%
hello
50%
herbie
50%
here
50%
here's
50%
hold
50%
if
50%
i'm
50%
in
50%
it's
50%
june
50%
let
50%
light
50%
lights
50%
miss
50%
momma
50%
momma's
50%
myself
50%
of
50%
on
50%
or
50%
people
50%
roses
50%
some
50%
someone
50%
tell
50%
the
50%
they
50%
time
50%
wasn't
50%
well
50%
what's
50%
why
50%
with
50%
world
50%
your
50%
yours
50%
you've
50%
alone
33%
as
33%
background
33%
bows
33%
care
33%
comes
33%
does
33%
doesn't
33%
doin'
33%
each
33%
egg
33%
even
33%
fine
33%
full
33%
garbage
33%
goin'
33%
goldstone
33%
hallelujah
33%
how
33%
leaves
33%
lettin'
33%
life
33%
like
33%
look
33%
loose
33%
lot
33%
loud
33%
make
33%
move
33%
movin'
33%
mr
33%
name's
33%
now
33%
off
33%
one
33%
out
33%
pay
33%
people's
33%
quick
33%
ready
33%
rolls
33%
runway
33%
scrapbooks
33%
shh
33%
show
33%
spreadin'
33%
startin'
33%
startin
33%
stuff
33%
take
33%
taking
33%
talkin'
33%
thanks
33%
them
33%
ya
33%
yeah
33%
you're
33%
zero
33%
bat
17%
battin'
17%
gangway
17%
gettin'
17%
give'em
17%
hot
17%
love
17%
play
17%
stong
17%
thousand
17%
wan't
17%
No matching quizzes found
Score Distribution
Percent of People with Each Score
Percentile by Number Answered
Your Score History
You have not taken this quiz